000 00637nam a2200241Ia 4500
003 OSt
005 20220926013824.0
006 a|||||r|||| 00| 0
007 ta
008 220923b |||||||| |||| 00| 0 eng d
037 _cGeneral Book
040 _aRTL
_cRTL
_beng
041 _2eng
_aeng
082 _aHZ, L8
100 _aPeters William C
_9319098
245 0 _aExploration and mining geology
260 _aNew York
_bJohn Wiley U S A
_c1978
300 _axi,696p.
_ccm.
500 _aBib p. 645-679
650 _aGeology
_915465
942 _hHZ, L8
_cGB
_2CC
999 _c626952
_d626952